Les athlètes français médaillés aux JO d'hiver- Pékin 2022 - Statistiques

Statistiques générales
  • Ce quiz a été pris 20 fois
  • Le résultat moyen est 16 sur 23
Statistiques - réponses
Hint Réponse % Correct
Biathlon - Individuel hommes Quentin Fillon Maillet
100%
Biathlon - Poursuite hommes Quentin Fillon Maillet
100%
Biathlon - Relais mixte Quentin Fillon Maillet
100%
Biathlon - Sprint hommes Quentin Fillon Maillet
100%
Biathlon - Relais hommes Quentin Fillon Maillet
100%
Ski alpin - Slalom hommes Clément Noël
94%
Biathlon - Relais mixte Julia Simon
94%
Biathlon - Relais mixte Emilien Jacquelin
88%
Biathlon - Relais hommes Emilien Jacquelin
88%
Patinage artistique - Danse sur glace Gabrillea Papadakis / Guillaume Cizeron
88%
Biathlon - Mass start femmes Justine Braisaz Bouchet
88%
Biathlon - Relais hommes Fabien Claude
82%
Biathlon - Relais mixte Anaïs Chevalier-Bouchet
65%
Biathlon - Individuel femmes Anaïs Chevalier-Bouchet
65%
Biathlon - Relais hommes Simon Desthieux
59%
Ski acrobatique - Big air femmes Tess Ledeux
59%
Ski de fond - Relais hommes Hugo Lapalus
53%
Snowboard - Cross femmes Chloé Trespeuch
47%
Ski de fond - Relais hommes Maurice Manificat
47%
Ski de fond - Relais hommes Richard Jouve
41%
Ski alpin - Descente hommes Johan Clarey
35%
Ski alpin - Slalom géant hommes Mathieu Faivre
18%
Ski de fond - Relais hommes Clément Parisse
6%
Aucun quiz correspondant
Distribution des résultats
% des personnes avec chaque résultat
Percentile par nombre de réponses
Votre historique - résultats
Vous n’avez pas pris ce quiz